The defense of Thaddeus A. Ledbetter a novel

Twelve-year-old Thaddeus A. Ledbetter, who considers it a duty to share his knowledge and talent with others, refutes each of the charges which have sent him to "In-School Suspension" for the remainder of seventh grade.

Gorde:
Xehetasun bibliografikoak
Egile nagusia: Gosselink, John.
Beste egile batzuk: Rosenstock, Jason L. 1978- 1906-1998.
Formatua: Liburua
Hizkuntza:English
Argitaratua: New York Amulet Books 2010.
Gaiak:
Etiketak: Etiketa erantsi
Etiketarik gabe, Izan zaitez lehena erregistro honi etiketa jartzen!
Thư viện lưu trữ: Mạng thư viện Đại học Đà Nẵng
LEADER 01396nam a2200349 4500
001 000024612
003 21100
005 20161215101243.0
008 161215s2010 engsd
020 |a 9780810989771 
041 0 |a eng 
082 0 0 |a 813.6  |b GO-J 
100 1 |a Gosselink, John.  |q (Laura Ann) 
245 1 4 |a The defense of Thaddeus A. Ledbetter  |b a novel  |c by John Gosselink ; drawings by Jason Rosenstock. 
260 |a New York  |b Amulet Books  |c 2010. 
300 |a 231 p.  |b ill.  |c 22 cm. 
520 3 |a Twelve-year-old Thaddeus A. Ledbetter, who considers it a duty to share his knowledge and talent with others, refutes each of the charges which have sent him to "In-School Suspension" for the remainder of seventh grade. 
650 1 |a Conduct of life  |v Fiction 
650 1 |a Middle schools  |v Fiction 
650 1 |a Student suspension  |v Fiction 
653 |a Humorous stories 
700 1 |a Rosenstock, Jason L.  |d 1978-  |d 1906-1998. 
OWN |a LSP 
AVA |a UDN50  |b LSP  |d 813.6 GO-J  |e available  |t Error 5001 Not defined in file expand_doc_bib_avail.  |f 1  |g 0  |h N  |i 0  |k 1 
999 |a From the UDN01 
AVA |a UDN50  |b LSP  |d 813.6 GO-J  |e available  |t Error 5001 Not defined in file expand_doc_bib_avail.  |f 1  |g 0  |h N  |i 0  |k 1 
TYP |a Monograph 
TYP |a Printed language 
980 |a Mạng thư viện Đại học Đà Nẵng